00357nam a2200133Ia 45000010005000000080041000050200022000460820017000681000029000852450032001142600034001469010028001809990015002083841241024s9999 xx 000 0 und d a978-9945-415-57-5 aRD/303/M623c aJesús Elias Michelén 0aCapital social comunicativo bEditora Amigo del Hogarc2014 a29/10/2014 9:44:03 a.m. c9892d9892